Invisible Capital at Work: Evaluating the Impact of Intangible Assets on Company Performance
Cieľom článku je analyzovať vývoj a finančné dôsledky nehmotného majetku vo výrobných spoločnostiach pôsobiacich na Slovensku a v Českej republike. Výskum skúma relatívny význam nehmotného a hmotného majetku a porovnáva ich vplyv na kľúčové ukazovatele výkonnosti, ako sú prevádzkové výnosy a prevádz...
Gespeichert in:
| 1. Verfasser: | |
|---|---|
| Weitere Verfasser: | |
| Format: | Buchkapitel |
| Sprache: | Englisch |
| Schlagworte: | |
| Tags: |
Keine Tags, Fügen Sie das erste Tag hinzu!
|
MARC
| LEADER | 00000naa a2200000 4500 | ||
|---|---|---|---|
| 001 | 0308904 | ||
| 005 | 20250605131730.4 | ||
| 041 | 0 | |a eng | |
| 044 | |a SK | ||
| 245 | 1 | 0 | |a Invisible Capital at Work: Evaluating the Impact of Intangible Assets on Company Performance |c Marcel Figura, Oana-Matilda Sabie |
| 520 | |a Cieľom článku je analyzovať vývoj a finančné dôsledky nehmotného majetku vo výrobných spoločnostiach pôsobiacich na Slovensku a v Českej republike. Výskum skúma relatívny význam nehmotného a hmotného majetku a porovnáva ich vplyv na kľúčové ukazovatele výkonnosti, ako sú prevádzkové výnosy a prevádzkový zisk, so zameraním na rozdiely založené na veľkosti. | ||
| 610 | 2 | 0 | |a majetok nehmotný |
| 610 | 2 | 0 | |a výkonnosť podniku |
| 610 | 2 | 0 | |a ukazovatele výkonnosti |
| 610 | 2 | 0 | |a ekonomika digitálna |
| 610 | 2 | 0 | |a výroba |
| 100 | 1 | |a Figura, Marcel | |
| 700 | 1 | |a Sabie, Oana-Matilda | |